000 00582nam a2200241Ia 4500
003 OSt
005 20220924135939.0
006 a|||||r|||| 00| 0
007 ta
008 220923b |||||||| |||| 00| 0 ben d
020 _c40
024 _a293178
037 _cTextual
040 _aARTS
_cARTS
_bben
041 _2ben
_aben
082 _aI157,1M61:g, N2
100 _aDas
245 0 _aSamibarer chitthi rabindra samikhya
260 _c1992
650 _aBENGALI LITERATURE
942 _hI157,1M61:g, N2
_cTEXL
_2CC
999 _c442512
_d442512